Бумаги, не составляющие особых дел

Доступно только в Электронных читальных залах Найти на картеНа карте
RUSMARC
00003564nmc2a22002413x 450
001d21be44e-c20a-4b67-af73-8b6c0710a417
00520241004112823.0
100##$a20240522l18881888k l0rusy0189 ca
1010#$arus
$ager
102##$aRU
105##$ay###
1222#$ad
2001#$aБумаги, не составляющие особых дел
$j8 января - 31 декабря 1888 г.
215##$a191 л.
$d36,5х26 см
251##$cДело
300##$aНа русском и немецком языках
371##$aДокумент не является опубликованным и широко распространяемым
461#0$1001RusGRCC00077140
$12001
$aКанцелярия Министерства Императорского двора
$1251
$cФонд
$1852
$j472
462#0$100105ac7277-d5e4-4eb5-87fa-81362dc1584d
$12001
$aКанцелярия Министерства Императорского двора. Описи дел третьего отделения третьего стола
$1251
$cОпись
$1852
$j27
$l410-1930
801#0$aRU
$bРГИА
$c20240522
$gRCR
801#1$aRU
$bГлавНИВЦ
$c20240522
$2rusmarc
801#2$aRU
$bПБ им. Б.Н. Ельцина
$c20241004
$gRCR
$2rusmarc
850##$aРГИА
852##$aРГИА
$eФедеральное казенное учреждение "Российский государственный исторический архив" (РГИА)
$j2
937##$hРГИА
$d12412214
$aASBIBLIO_SCAN
035##$aRusGRCC00077110
856##$uhttp://readingroom.main.prlib.ru/item.aspx?id_node=n194228681&mode=full
Формат отображения